| 000 | 02243nam a22005777a 4500 | ||
|---|---|---|---|
| 003 | AR-RoUNA | ||
| 005 | 20251022103343.0 | ||
| 008 | 251022b |||||||| |||| 00| 0 spa d | ||
| 020 | _a84-86763-37-1 | ||
| 040 |
_aAR-RoUNA _bspa _dAR-RoUNA |
||
| 041 |
_aspa _heng |
||
| 044 | _aag | ||
| 100 | 1 |
_927511 _aMacrae-Gibson- Gavin |
|
| 245 | 1 | 0 |
_aLa vida secreta de los edificios / _bGavin Macrae-Gibson; traducción de Fernando Villaverde |
| 246 | _aHis The secret life of buildings | ||
| 260 |
_aMadrid: _bNerea, _c1991. |
||
| 300 |
_a272 p. : _bfot. byn. _bplantas _c24x18 cm. |
||
| 504 | _ap. 247 | ||
| 505 | 0 | _tINDICE | |
| 505 | 0 | _tINTRODUCCION : Un método crítico para la arquitectura moderna. p. 11 | |
| 505 | 0 | _tCAPITULO 1 | |
| 505 | 0 | _aLA REPRESENTACION DE LA PERCEPCION (Casa Gehry, Frank O. Gehry Associates). p. 19 | |
| 505 | 0 | _tCAPITULO 2 | |
| 505 | 0 | _aLA ANSIEDAD DE LA SEGUNDA CAIDA (casa EL Even Odd, Peter Eisenman). p. 53 | |
| 505 | 0 | _tCAPITULO 3 | |
| 505 | 0 | _aLA SENSIBILIDAD DEL SILENCIO (Four Leaf Towers, César Pelli and Associates). p. 81 | |
| 505 | 0 | _tCAPITULO 4 | |
| 505 | 0 | _aLA NUEVA IDEA DE LO SUBLIME (Edificio de Servicios Públicos de Portland, Michael Graves). p. 107 | |
| 505 | 0 | _tCAPITULO 5 | |
| 505 | 0 | _aESCENOGRAFIA Y PINTORESQUISMO (Casa Bozzi, Robert A. M. Stern). p. 135. | |
| 505 | 0 | _tCAPITULO 6 | |
| 505 | 0 | _aLA CONTINUIDAD DE LO CLASICO (Tribunal Superior de Manchester, Allan Greenberg). p. 161 | |
| 505 | 0 | _tCAPITULO 7 | |
| 505 | 0 | _aLAS IRONIAS DEL "DIFICIL CONJUNTO" (Gordon Wu Hall, Venturi, Rauch y Scott Brown). p. 189 | |
| 505 | 0 | _tNOTAS. p. 239 | |
| 505 | 0 | _tPROCEDENCIA DE LAS ILUSTRACIONES. p. 259 | |
| 505 | 0 | _tINDICE ANALITICO. p. 265 | |
| 600 | 7 |
_92388 _aGehry, Frank O. _d1929- |
|
| 600 | 7 |
_92384 _aEisenman, Peter _d1932- |
|
| 600 | 0 |
_99515 _aPelli, Cesar, _d1926-2019. |
|
| 600 | 0 |
_93688 _aStern, Robert A.m. |
|
| 600 | 0 |
_92818 _aVenturi, Robert |
|
| 600 | 0 |
_98082 _aScott Brown, Denise. _d1931-. |
|
| 600 | 0 |
_96427 _aGraves, Michael. |
|
| 650 | 4 | _aArquitectura moderna | |
| 700 | 1 |
_aVillaverde, Fernando _etra _927512 |
|
| 908 | _aImp | ||
| 942 |
_2udc _cLIB |
||
| 945 | _d2025-10-22 | ||
| 980 |
_65 _aMaría Machado _85 _gMaría Machado |
||
| 999 |
_c12185 _d12185 |
||